| 000 | 00626nam a2200193 i 4500 | ||
|---|---|---|---|
| 001 | 11971 | ||
| 003 | ES-MaACL | ||
| 005 | 20230906150218.0 | ||
| 008 | 960531s1995 sp |||| | spa j | ||
| 020 | _a84-8155-088-4 | ||
| 080 | _a347.471(460) | ||
| 100 | 1 |
_aLópez Nieto y Mallo, Francisco. _973827 |
|
| 245 | 1 | 3 |
_aLa ordenación legal de las asociaciones _b: doctrina, jurisprudencia, formularios / _cFrancisco López-Nieto y Mallo. |
| 250 | _a2ª ed. | ||
| 260 |
_aMadrid : _bDykinson, _c1995. |
||
| 300 |
_a651 p. ; _c25 cm. |
||
| 650 | 1 | 4 |
_aOrganizaciones no lucrativas- _zEspaña. _915763 |
| 852 |
_aES-MaACL _jL-19263 |
||
| 999 |
_c11971 _d11971 |
||